[Event "11. Senioren Team Europameiste"]
[Site "Velden - Casino"]
[Date "2009.04.07"]
[Round "3"]
[Board "1"]
[White "Ager, Josef"]
[Black "James, Geoffrey H"]
[Result "1/2-1/2"]
[WhiteElo "2223"]
[BlackElo "2199"]
[PlyCount "49"]
[EventDate "2009.04.05"]
[EventType "team"]
[EventRounds "9"]
[EventCountry "AUT"]
[WhiteTeam "Mixed Team Austria"]
[BlackTeam "England 1"]

1.Nf3 Nf6 2.g3 b6 3.Bg2 Bb7 4.c4 e6 5.Nc3 Be7 6.O-O O-O 7.Qc2 c5 8.b3 Nc6 9.Bb2
d5 10.cxd5 exd5 11.d4 Rc8 12.Rad1 Qc7 13.Qb1 Rfd8 14.Nb5 Qd7 15.dxc5 bxc5 16.Ng5
d4 17.Bh3 Qd5 18.Bxc8 Bxc8 19.Qc1 h6 20.Nf3 Bh3 21.Rfe1 Ng4 22.Qc4 Qf5 23.Qd3
Qd5 24.Qc4 Qf5 25.Qd3

[Event "11. Senioren Team Europameiste"]
[Site "Velden - Casino"]
[Date "2009.04.07"]
[Round "3"]
[Board "3"]
[White "Isopp, Manfred"]
[Black "Scholes, James E"]
[Result "1/2-1/2"]
[WhiteElo "1971"]
[BlackElo "2110"]
[PlyCount "42"]
[EventDate "2009.04.05"]
[EventType "team"]
[EventRounds "9"]
[EventCountry "AUT"]
[WhiteTeam "Mixed Team Austria"]
[BlackTeam "England 1"]

1.e4 c5 2.Nc3 e6 3.g3 Nc6 4.Bg2 Nf6 5.d3 h6 6.f4 d5 7.e5 Ng8 8.Nf3 Nge7 9.O-O
Nf5 10.Ne2 h5 11.c3 Be7 12.d4 b6 13.Bd2 O-O 14.Qa4 Bd7 15.Qd1 a5 16.h3 Nh6
17.Nh2 cxd4 18.cxd4 Nf5 19.g4 Nfxd4 20.Nxd4 Nxd4 21.Be3 Nc6

[Event "11. Senioren Team Europameiste"]
[Site "Velden - Casino"]
[Date "2009.04.07"]
[Round "3"]
[Board "4"]
[White "Reuben, Stewart"]
[Black "Grasser, Peter"]
[Result "1-0"]
[WhiteElo "2102"]
[BlackElo "1909"]
[PlyCount "52"]
[EventDate "2009.04.05"]
[EventType "team"]
[EventRounds "9"]
[EventCountry "AUT"]
[WhiteTeam "England 1"]
[BlackTeam "Mixed Team Austria"]

1.c4 Nf6 2.g3 e6 3.b3 Be7 4.Bb2 O-O 5.Bg2 d5 6.Nf3 c6 7.O-O Nbd7 8.d3 a5 9.Nbd2
b6 10.Qc2 Bb7 11.e4 dxe4 12.dxe4 Qc7 13.e5 Ng4 14.Rfe1 c5 15.h3 Nh6 16.g4 Rae8
17.Rad1 f5 18.exf6 Bxf6 19.Ne4 Bxe4 20.Rxe4 Nf7 21.Rde1 e5 22.R4e3 Nd6 23.g5 e4
24.gxf6 exf3 25.fxg7 fxg2 26.gxf8=Q+ Rxf8

[Event "11. Senioren Team Europameiste"]
[Site "Velden - Casino"]
[Date "2009.04.07"]
[Round "3"]
[Board "1"]
[White "Happel, Henk"]
[Black "Niebuhr, Gerd"]
[Result "1/2-1/2"]
[WhiteElo "2177"]
[BlackElo "2048"]
[PlyCount "80"]
[EventDate "2009.04.05"]
[EventType "team"]
[EventRounds "9"]
[EventCountry "AUT"]
[WhiteTeam "Koeniglicher Schachverein D.D."]
[BlackTeam "Freibauer Niedersachsen"]

1.d4 Nf6 2.c4 e6 3.Nc3 Bb4 4.Bg5 c5 5.d5 exd5 6.cxd5 d6 7.f3 Nbd7 8.e4 O-O 9.Nh3
h6 10.Be3 Re8 11.a3 Bxc3+ 12.bxc3 Qa5 13.Bd2 c4 14.Bxc4 Nxd5 15.Qb3 N7b6 16.Bb5
Bxh3 17.c4 Qxb5 18.Qxb5 Nc7 19.Qxe8+ Rxe8 20.gxh3 Nxc4 21.Rc1 b5 22.Rg1 Kh7
23.a4 a6 24.axb5 axb5 25.Bc3 Ne6 26.Kf2 Ne5 27.Rb1 Rc8 28.Bxe5 dxe5 29.Rgc1 Rb8
30.Rb4 g5 31.Kg3 Nd4 32.Rc5 f6 33.Rd5 Kg6 34.Rd7 Rc8 35.Rdxd4 exd4 36.Rxb5 Rd8
37.Rb2 d3 38.Rd2 f5 39.h4 Rd4 40.hxg5 hxg5

[Event "11. Senioren Team Europameiste"]
[Site "Velden - Casino"]
[Date "2009.04.07"]
[Round "3"]
[Board "2"]
[White "Hellwege, Werner"]
[Black "Dickhoff, Ronald"]
[Result "0-1"]
[WhiteElo "2007"]
[BlackElo "2149"]
[PlyCount "98"]
[EventDate "2009.04.05"]
[EventType "team"]
[EventRounds "9"]
[EventCountry "AUT"]
[WhiteTeam "Freibauer Niedersachsen"]
[BlackTeam "Koeniglicher Schachverein D.D."]

1.d4 Nf6 2.Nf3 e6 3.c4 b6 4.e3 Bb7 5.Bd3 d5 6.O-O Be7 7.Ne5 O-O 8.b3 c5 9.Bb2
cxd4 10.exd4 Nc6 11.Nxc6 Bxc6 12.Nd2 dxc4 13.bxc4 Qd7 14.Rc1 b5 15.Qe2 Rab8
16.Rfd1 bxc4 17.Nxc4 Bd5 18.Ba1 Rbc8 19.f3 Bxc4 20.Rxc4 Rxc4 21.Bxc4 Nd5 22.Qe4
Rd8 23.Rb1 Bf6 24.Bxd5 exd5 25.Qd3 Qa4 26.Qd2 g6 27.Rb4 Qa6 28.Bc3 Kg7 29.a4 Be7
30.Rb2 Qxa4 31.Rb7 Bf6 32.g4 h6 33.f4 Rd7 34.Rb4 Qc6 35.g5 hxg5 36.fxg5 Be7
37.Rb1 Qe6 38.Qf4 Qe4 39.Qxe4 dxe4 40.h4 f5 41.gxf6+ Bxf6 42.h5 gxh5 43.Rb4 Kg6
44.Kf2 h4 45.Rc4 Kf5 46.Ke3 Bg5+ 47.Ke2 h3 48.Be1 h2 49.Rc5+ Kg4

[Event "11. Senioren Team Europameiste"]
[Site "Velden - Casino"]
[Date "2009.04.07"]
[Round "3"]
[Board "3"]
[White "Lindner, Jan-Joost"]
[Black "Juergens, Peter"]
[Result "1/2-1/2"]
[WhiteElo "2165"]
[BlackElo "2016"]
[PlyCount "70"]
[EventDate "2009.04.05"]
[EventType "team"]
[EventRounds "9"]
[EventCountry "AUT"]
[WhiteTeam "Koeniglicher Schachverein D.D."]
[BlackTeam "Freibauer Niedersachsen"]

1.f4 Nf6 2.Nf3 d5 3.e3 g6 4.Be2 Bg7 5.O-O O-O 6.d3 c5 7.Qe1 Nc6 8.Nc3 Bf5 9.h3
d4 10.Nd1 dxe3 11.Nxe3 Nd4 12.Bd1 Be6 13.Ng5 Bd7 14.Qh4 h6 15.Ne4 Nxe4 16.dxe4
e5 17.Qxd8 Raxd8 18.f5 Rfe8 19.c3 Bb5 20.Rf2 Ne6 21.Bb3 gxf5 22.Rxf5 Rd7 23.Ng4
c4 24.Bxh6 Nd4 25.Bxg7 Nxf5 26.Nf6+ Kxg7 27.Nxe8+ Kf8 28.Nf6 Rd2 29.exf5 cxb3
30.axb3 Bc6 31.g4 Rxb2 32.Rxa7 Rxb3 33.Ra8+ Ke7 34.g5 Rxc3 35.h4 Rh3

[Event "11. Senioren Team Europameiste"]
[Site "Velden - Casino"]
[Date "2009.04.07"]
[Round "3"]
[Board "4"]
[White "Fritsch, Juergen Dr"]
[Black "Vink, Wim"]
[Result "1/2-1/2"]
[WhiteElo "2011"]
[BlackElo "2014"]
[PlyCount "71"]
[EventDate "2009.04.05"]
[EventType "team"]
[EventRounds "9"]
[EventCountry "AUT"]
[WhiteTeam "Freibauer Niedersachsen"]
[BlackTeam "Koeniglicher Schachverein D.D."]

1.d4 d5 2.Nf3 Nf6 3.Bf4 Bf5 4.e3 e6 5.Nbd2 Bd6 6.c3 c6 7.Ne5 Qc7 8.g4 Bg6 9.Nxg6
hxg6 10.Bxd6 Qxd6 11.h3 Nbd7 12.Bg2 e5 13.Qe2 e4 14.a3 a5 15.c4 b6 16.cxd5 cxd5
17.Rc1 O-O 18.O-O Rfc8 19.g5 Nh7 20.h4 f5 21.f4 Nhf8 22.Qb5 Ne6 23.Rfe1 Kf7
24.Nf1 Nd8 25.Rc3 Rxc3 26.bxc3 Qc6 27.Qb3 Rc8 28.Rc1 Nb7 29.Nd2 Nd6 30.Bf1 Nc4
31.Nxc4 dxc4 32.Qa2 Qa4 33.Qb2 Ke6 34.Kg2 Kd5 35.Be2 Qc6 36.Rb1

[Event "11. Senioren Team Europameiste"]
[Site "Velden - Casino"]
[Date "2009.04.07"]
[Round "3"]
[Board "1"]
[White "Aijala, Jouko"]
[Black "Sorensen, Bent"]
[Result "1-0"]
[WhiteElo "2176"]
[BlackElo "2194"]
[PlyCount "29"]
[EventDate "2009.04.05"]
[EventType "team"]
[EventRounds "9"]
[EventCountry "AUT"]
[WhiteTeam "Helsinki 1"]
[BlackTeam "Danmark 2"]

1.e4 e6 2.d4 d5 3.Nc3 Bb4 4.Bd2 dxe4 5.Qg4 Qxd4 6.O-O-O h5 7.Qg3 Bd6 8.Qh4 Nc6
9.Nb5 Qa4 10.a3 Nd4 11.Nxd4 Qxd4 12.Bc3 Qa4 13.Qg5 Qd7 14.Qxg7 Bf4+ 15.Bd2

[Event "11. Senioren Team Europameiste"]
[Site "Velden - Casino"]
[Date "2009.04.07"]
[Round "3"]
[Board "2"]
[White "Nielsen, Poul Erik"]
[Black "Aaltio, Erkki"]
[Result "1/2-1/2"]
[WhiteElo "2110"]
[BlackElo "2100"]
[PlyCount "59"]
[EventDate "2009.04.05"]
[EventType "team"]
[EventRounds "9"]
[EventCountry "AUT"]
[WhiteTeam "Danmark 2"]
[BlackTeam "Helsinki 1"]

1.d4 Nf6 2.Nf3 e6 3.c4 b6 4.Nc3 Bb4 5.Qc2 Bb7 6.Bd2 O-O 7.e3 d5 8.cxd5 exd5
9.Bd3 Nbd7 10.O-O Re8 11.Rac1 c5 12.a3 Bxc3 13.Bxc3 c4 14.Be2 Ne4 15.Be1 b5
16.Nd2 Nef6 17.Bf3 Qb6 18.Nb1 a5 19.Nc3 b4 20.Ne2 Qd6 21.Ra1 Ne4 22.axb4 axb4
23.Rxa8 Rxa8 24.Bxe4 b3 25.Qc1 dxe4 26.Bc3 Nf6 27.Ng3 Re8 28.Qd2 Qd5 29.Ra1 Ra8
30.Rxa8+

[Event "11. Senioren Team Europameiste"]
[Site "Velden - Casino"]
[Date "2009.04.07"]
[Round "3"]
[Board "4"]
[White "Preuss, Flemming"]
[Black "Saharinen, Petri"]
[Result "1-0"]
[WhiteElo "2034"]
[BlackElo "1825"]
[PlyCount "89"]
[EventDate "2009.04.05"]
[EventType "team"]
[EventRounds "9"]
[EventCountry "AUT"]
[WhiteTeam "Danmark 2"]
[BlackTeam "Helsinki 1"]

1.e4 e6 2.d4 d5 3.e5 c5 4.c3 Nc6 5.Nf3 Bd7 6.Bd3 Nge7 7.dxc5 Ng6 8.Bxg6 hxg6
9.b4 Qc7 10.Qe2 a6 11.Bf4 Be7 12.Bg3 Rh5 13.O-O g5 14.Re1 g6 15.Nbd2 Kf8 16.a4
Kg7 17.Nb3 Na7 18.Qe3 g4 19.Nfd4 Nc6 20.Qf4 Rah8 21.Nxc6 bxc6 22.Qxg4 Bh4 23.h3
Bxg3 24.Qxg3 Qd8 25.Rad1 Rg5 26.Qe3 Rgh5 27.Rd4 f5 28.exf6+ Qxf6 29.f4 Re8
30.Qg3 e5 31.fxe5 Rexe5 32.Rxe5 Rxe5 33.Rf4 Qe7 34.Nd4 Rg5 35.Qf3 Re5 36.Kh2 Re3
37.Rf7+ Qxf7 38.Qxe3 Qf6 39.Nf3 Kg8 40.Qe5 Qf8 41.Nd4 Qf7 42.b5 cxb5 43.axb5
axb5 44.c6 Qe8 45.Qxd5+

[Event "11. Senioren Team Europameiste"]
[Site "Velden - Casino"]
[Date "2009.04.07"]
[Round "3"]
[Board "2"]
[White "Gaenssmantel, Alfons"]
[Black "Palmo, Pentti"]
[Result "1/2-1/2"]
[WhiteElo "2127"]
[BlackElo "2066"]
[PlyCount "75"]
[EventDate "2009.04.05"]
[EventType "team"]
[EventRounds "9"]
[EventCountry "AUT"]
[WhiteTeam "Stiftung Bahn-Sozialwerk/DBAG III"]
[BlackTeam "Turku"]

1.e4 d6 2.d4 Nf6 3.Bd3 g6 4.f4 Bg7 5.Nf3 O-O 6.O-O c5 7.c3 Qb6 8.e5 Ne8 9.Qe2
Nc6 10.Be3 cxd4 11.cxd4 Nb4 12.Bc4 d5 13.Bb3 Bf5 14.Ne1 Qd8 15.Nc3 Nc7 16.a3 Nc6
17.Qf3 Be6 18.Rd1 Qd7 19.h3 Rac8 20.Rf2 Kh8 21.g4 f5 22.Rg2 Rfd8 23.Nd3 b6
24.Nf2 Rf8 25.Qg3 Rcd8 26.Bc2 Rc8 27.Qh4 Rce8 28.gxf5 Bxf5 29.Bxf5 Qxf5 30.Kh2
e6 31.Rdg1 Ne7 32.Qg4 Qf7 33.Nd3 Nf5 34.Bf2 Qd7 35.h4 Qf7 36.Kh1 Rg8 37.Ne2 Nb5
38.Nec1

[Event "11. Senioren Team Europameiste"]
[Site "Velden - Casino"]
[Date "2009.04.07"]
[Round "3"]
[Board "3"]
[White "Lehtosaari, Kalevi"]
[Black "Ehlert, Joachim"]
[Result "1-0"]
[WhiteElo "2031"]
[BlackElo "2016"]
[PlyCount "61"]
[EventDate "2009.04.05"]
[EventType "team"]
[EventRounds "9"]
[EventCountry "AUT"]
[WhiteTeam "Turku"]
[BlackTeam "Stiftung Bahn-Sozialwerk/DBAG III"]

1.c4 Nf6 2.Nc3 g6 3.Nf3 Bg7 4.d4 O-O 5.Bg5 d6 6.Qd2 c6 7.e4 a6 8.Bh6 b5 9.Bxg7
Kxg7 10.Bd3 Nbd7 11.O-O Nb6 12.b3 Bg4 13.Ne1 e5 14.Nc2 bxc4 15.bxc4 c5 16.d5 Nh5
17.h3 Bd7 18.Ne2 f5 19.exf5 gxf5 20.f3 f4 21.Rab1 Kh8 22.Qa5 Rb8 23.Rb3 Rg8
24.Rfb1 Bxh3 25.Ne1 Bxg2 26.Nxg2 Qg5 27.Kf1 Qxg2+ 28.Ke1 Nd7 29.Rxb8 Nxb8 30.Qc7
Qxf3 31.Qxh7#

[Event "11. Senioren Team Europameiste"]
[Site "Velden - Casino"]
[Date "2009.04.07"]
[Round "3"]
[Board "2"]
[White "White, Alastair F"]
[Black "Rychlik, Kurt"]
[Result "1-0"]
[WhiteElo "2052"]
[BlackElo "2085"]
[PlyCount "67"]
[EventDate "2009.04.05"]
[EventType "team"]
[EventRounds "9"]
[EventCountry "AUT"]
[WhiteTeam "Scotland"]
[BlackTeam "Widukind"]

1.e4 c5 2.Nf3 e6 3.d4 cxd4 4.Nxd4 Nc6 5.Be3 Nf6 6.Bd3 d5 7.Nd2 e5 8.Nxc6 bxc6
9.Bg5 Be7 10.Qe2 h6 11.Bh4 Nd7 12.Bg3 Bf6 13.O-O O-O 14.exd5 cxd5 15.c4 e4
16.Nxe4 dxe4 17.Qxe4 g6 18.Qxa8 Nc5 19.Be2 Qb6 20.Qf3 Re8 21.b4 Ne4 22.Rad1 Bb7
23.c5 Qe6 24.Bb5 Re7 25.Qb3 Qxb3 26.axb3 Nc3 27.Rd8+ Kg7 28.Bc4 Bc6 29.Rc8 Bd7
30.Rc7 Ne4 31.Bd6 Nxd6 32.cxd6 Be5 33.dxe7 Bxc7 34.Re1

[Event "11. Senioren Team Europameiste"]
[Site "Velden - Casino"]
[Date "2009.04.07"]
[Round "3"]
[Board "1"]
[White "Kristiansen, Erling"]
[Black "Gneiss, Karl"]
[Result "1/2-1/2"]
[WhiteElo "2231"]
[BlackElo "2119"]
[PlyCount "30"]
[EventDate "2009.04.05"]
[EventType "team"]
[EventRounds "9"]
[EventCountry "AUT"]
[WhiteTeam "Norwegen 4"]
[BlackTeam "Voecklabruck/Oberoesterreich"]

1.e4 c5 2.Nf3 g6 3.c3 Bg7 4.d4 cxd4 5.cxd4 d5 6.e5 Nc6 7.Nc3 Bg4 8.Be2 e6 9.Ng5
Bxe2 10.Nxe2 Nge7 11.O-O O-O 12.Nf3 Nf5 13.Bd2 Qb6 14.Qa4 Rac8 15.Rac1 Bh6

[Event "11. Senioren Team Europameiste"]
[Site "Velden - Casino"]
[Date "2009.04.07"]
[Round "3"]
[Board "2"]
[White "Fasser, Walter"]
[Black "Ofstad, Per"]
[Result "1/2-1/2"]
[WhiteElo "2068"]
[BlackElo "2167"]
[PlyCount "30"]
[EventDate "2009.04.05"]
[EventType "team"]
[EventRounds "9"]
[EventCountry "AUT"]
[WhiteTeam "Voecklabruck/Oberoesterreich"]
[BlackTeam "Norwegen 4"]

1.c4 c5 2.Nc3 Nf6 3.e4 Nc6 4.g3 g6 5.Bg2 Bg7 6.Nge2 O-O 7.O-O d6 8.d3 Ne8 9.Bg5
Nc7 10.Qd2 Ne6 11.Bh6 Ned4 12.Bxg7 Kxg7 13.Nxd4 Nxd4 14.Ne2 Nxe2+ 15.Qxe2 e5

[Event "11. Senioren Team Europameiste"]
[Site "Velden - Casino"]
[Date "2009.04.07"]
[Round "3"]
[Board "3"]
[White "Johanssen, Tom J"]
[Black "Nussbaumer, Josef"]
[Result "1/2-1/2"]
[WhiteElo "1891"]
[BlackElo "2070"]
[PlyCount "130"]
[EventDate "2009.04.05"]
[EventType "team"]
[EventRounds "9"]
[EventCountry "AUT"]
[WhiteTeam "Norwegen 4"]
[BlackTeam "Voecklabruck/Oberoesterreich"]

1.e4 e5 2.Nf3 Nc6 3.d4 exd4 4.Nxd4 Nf6 5.Nxc6 bxc6 6.Bd3 d5 7.exd5 cxd5 8.O-O
Be7 9.Bf4 O-O 10.Nd2 Bg4 11.Nf3 Bd6 12.Bxd6 Qxd6 13.h3 Bd7 14.c4 c6 15.cxd5 cxd5
16.Qd2 Rfd8 17.Rfe1 Rab8 18.b3 Bc6 19.Qa5 Rb7 20.Nd4 Re8 21.Rec1 Bd7 22.Ba6 Qb4
23.Qxb4 Rxb4 24.Nf3 Rb6 25.Bd3 g6 26.Nd4 Rb4 27.Nc6 Bxc6 28.Rxc6 Kg7 29.Rc7 a5
30.Rc5 a4 31.Bb5 Rd8 32.Bxa4 Ne4 33.Rc7 d4 34.Rd1 Rb6 35.f3 Ng3 36.Kf2 Nf5
37.Bc6 Rd6 38.Be4 Ne3 39.Rd2 Kf8 40.Bd3 Rd5 41.Bc4 Nxc4 42.Rxc4 Rbd6 43.Ke2 d3+
44.Kd1 f5 45.f4 Ke7 46.Rc7+ Rd7 47.Rxd7+ Kxd7 48.Ke1 g5 49.fxg5 f4 50.Kf2 Ke6
51.Kf3 Ke5 52.h4 Kd4 53.Kxf4 Kc3 54.Rxd3+ Rxd3 55.h5 Rd2 56.g4 Kd4 57.g6 hxg6
58.h6 Rxa2 59.Kg5 Ke5 60.h7 Ra8 61.b4 Rb8 62.Kxg6 Rb6+ 63.Kh5 Rb8 64.g5 Kf5
65.Kh6 Rxb4

[Event "11. Senioren Team Europameiste"]
[Site "Velden - Casino"]
[Date "2009.04.07"]
[Round "3"]
[Board "2"]
[White "Swoboda, Peter"]
[Black "Ohrn, Stellan"]
[Result "1-0"]
[WhiteElo "2021"]
[BlackElo "2008"]
[PlyCount "75"]
[EventDate "2009.04.05"]
[EventType "team"]
[EventRounds "9"]
[EventCountry "AUT"]
[WhiteTeam "USV Halle"]
[BlackTeam "Schweden III"]

1.d4 Nf6 2.c4 c5 3.d5 e6 4.Nc3 exd5 5.cxd5 d6 6.e4 g6 7.Nge2 b5 8.a3 a6 9.Ng3
Bg7 10.f3 O-O 11.h4 h5 12.Bg5 Re8 13.Qd2 Qa5 14.Be2 Nbd7 15.Kf2 Ne5 16.Be3 Bd7
17.b4 cxb4 18.axb4 Qc7 19.Rac1 Qb7 20.Na2 Rac8 21.Rxc8 Rxc8 22.Rc1 Rxc1 23.Qxc1
Qc8 24.Qxc8+ Bxc8 25.Bb6 Ne8 26.Bd8 Bf6 27.Bxf6 Nxf6 28.Ke3 Ne8 29.Kd4 f6 30.Nc1
Kf7 31.f4 Nd7 32.Nd3 Ke7 33.f5 g5 34.hxg5 h4 35.gxf6+ Kxf6 36.Nf1 Ng7 37.Nd2 Bb7
38.Nf3

[Event "11. Senioren Team Europameiste"]
[Site "Velden - Casino"]
[Date "2009.04.07"]
[Round "3"]
[Board "2"]
[White "Fernengel, Rudolf"]
[Black "Fitzke, Ulrich"]
[Result "1/2-1/2"]
[WhiteElo "1736"]
[BlackElo "1998"]
[PlyCount "102"]
[EventDate "2009.04.05"]
[EventType "team"]
[EventRounds "9"]
[EventCountry "AUT"]
[WhiteTeam "Stiftung Bahn-Sozialwerk/DBAG II"]
[BlackTeam "Stiftung Bahn-Sozialwerk Berlin/DBAG"]

1.d4 d5 2.Nf3 Nf6 3.c3 e6 4.Bg5 Be7 5.Nbd2 b6 6.e3 Bb7 7.Ne5 O-O 8.Bd3 Nbd7
9.Nxd7 Nxd7 10.Bxe7 Qxe7 11.Nf3 c5 12.O-O cxd4 13.exd4 Rae8 14.Re1 a6 15.Qa4 b5
16.Qa5 Qd6 17.a4 bxa4 18.Rxa4 h6 19.Qb4 Qc6 20.Ne5 Nxe5 21.Rxe5 Ra8 22.Ra5 Rfb8
23.Qa3 Qb6 24.Re1 Bc6 25.b4 Bb7 26.h3 Rc8 27.Rc5 Rc6 28.Ra1 g6 29.Qc1 Kg7 30.Qe3
Qc7 31.Raa5 Kh7 32.g3 Qd6 33.Qe2 Qc7 34.Bxa6 Bxa6 35.Rxa6 Raxa6 36.Qxa6 Qxg3+
37.fxg3 Rxa6 38.Ra5 Rb6 39.Kf2 g5 40.g4 Kg6 41.Kf3 h5 42.Ke3 hxg4 43.hxg4 f5
44.gxf5+ Kxf5 45.Ra8 Kg4 46.Ra1 Rc6 47.Rc1 Kf5 48.Rf1+ Kg4 49.Rg1+ Kh5 50.Rh1+
Kg6 51.Rc1 Kf5

[Event "11. Senioren Team Europameiste"]
[Site "Velden - Casino"]
[Date "2009.04.07"]
[Round "3"]
[Board "3"]
[White "Pitt, Wolfgang"]
[Black "Kalmutzki, Manfred"]
[Result "1-0"]
[WhiteElo "2056"]
[BlackElo "1975"]
[PlyCount "137"]
[EventDate "2009.04.05"]
[EventType "team"]
[EventRounds "9"]
[EventCountry "AUT"]
[WhiteTeam "Stiftung Bahn-Sozialwerk Berlin/DBAG"]
[BlackTeam "Stiftung Bahn-Sozialwerk/DBAG II"]

1.g3 d5 2.Bg2 e6 3.d3 Nf6 4.Nd2 Be7 5.b3 O-O 6.Bb2 c5 7.e4 dxe4 8.dxe4 Qc7 9.Qe2
Nc6 10.Nh3 Bd7 11.f4 Rad8 12.Nf2 a6 13.O-O b5 14.c4 b4 15.Rad1 Bc8 16.e5 Nd7
17.Nde4 Nb6 18.Ng4 Bb7 19.Qc2 h6 20.Qe2 a5 21.Ngf2 Kh7 22.Qg4 g6 23.h4 h5 24.Qe2
a4 25.Bf3 a3 26.Ba1 Nd4 27.Bxd4 Rxd4 28.Rxd4 cxd4 29.Qd3 Bxe4 30.Qxe4 Rd8
31.Bxh5 Nd7 32.Nd3 Nc5 33.Nxc5 Bxc5 34.Qd3 Kg7 35.Bf3 Rh8 36.Kg2 Qe7 37.Qe4 Rh6
38.Rh1 Qd8 39.Qc6 Qe7 40.g4 Ba7 41.g5 Rh8 42.Qe4 Qc5 43.Qd3 Qf8 44.Kg3 Qd8
45.Rh2 Bc5 46.Qe4 Qe7 47.Be2 Qe8 48.h5 Qg8 49.hxg6 Rxh2 50.Kxh2 fxg6 51.Bd3 Qf7
52.Kg3 Ba7 53.Qh1 Kg8 54.Qh6 Qh7 55.Qxg6+ Qxg6 56.Bxg6 Kg7 57.Bd3 Bc5 58.Kf3 Kf7
59.Ke4 Kg6 60.Be2 Bb6 61.Bg4 Kf7 62.g6+ Kxg6 63.Bxe6 Kg7 64.f5 Kf8 65.f6 Ba7
66.Bg4 Kf7 67.Kd5 d3 68.Bh5+ Kf8 69.e6

[Event "11. Senioren Team Europameiste"]
[Site "Velden - Casino"]
[Date "2009.04.07"]
[Round "3"]
[Board "2"]
[White "Pemberton, Clive H"]
[Black "Lyly, Seppo"]
[Result "1-0"]
[WhiteElo "1908"]
[BlackElo "2013"]
[PlyCount "73"]
[EventDate "2009.04.05"]
[EventType "team"]
[EventRounds "9"]
[EventCountry "AUT"]
[WhiteTeam "England 2"]
[BlackTeam "Helsinki 2"]

1.e4 c5 2.Nf3 g6 3.d4 Bg7 4.Bc4 cxd4 5.Nxd4 Nc6 6.Nxc6 bxc6 7.O-O d6 8.Qf3 e6
9.Nc3 Ne7 10.Bg5 O-O 11.Rad1 Qc7 12.Bf6 Rb8 13.Bb3 c5 14.Bxg7 Kxg7 15.Qd3 Rb6
16.Nb5 Rc6 17.c4 Ba6 18.Nc3 Rb8 19.Rfe1 Rb4 20.Nb5 Bxb5 21.cxb5 Rb6 22.Qc3+ Kg8
23.Bc4 Ra4 24.a3 Qb7 25.Qb3 Ra5 26.Bxe6 Raxb5 27.Bxf7+ Kg7 28.Qf3 Nc8 29.Bd5 Qe7
30.b3 Qf6 31.Qd3 Ne7 32.Bc4 Ra5 33.a4 Nc8 34.e5 dxe5 35.Qd2 Rb4 36.Qd7+ Ne7
37.Rd6

[Event "11. Senioren Team Europameiste"]
[Site "Velden - Casino"]
[Date "2009.04.07"]
[Round "3"]
[Board "3"]
[White "Koskinen, Veikko"]
[Black "Harris, J Leonard"]
[Result "1-0"]
[WhiteElo "1999"]
[BlackElo "1840"]
[PlyCount "101"]
[EventDate "2009.04.05"]
[EventType "team"]
[EventRounds "9"]
[EventCountry "AUT"]
[WhiteTeam "Helsinki 2"]
[BlackTeam "England 2"]

1.e4 c6 2.d3 g6 3.Nf3 Bg7 4.g3 d6 5.Bg2 Bg4 6.h3 Bxf3 7.Qxf3 Nd7 8.O-O h5 9.Nd2
h4 10.g4 Ngf6 11.Qe2 Qc7 12.c3 O-O-O 13.a4 Rdg8 14.d4 Bh6 15.f4 Nh5 16.gxh5 Nf6
17.e5 Nxh5 18.Qg4+ Kb8 19.Ne4 f5 20.exf6 exf6 21.Qf3 Bf8 22.b4 d5 23.Nc5 Bxc5
24.bxc5 Rh7 25.Re1 Rhg7 26.Ra2 Ng3 27.Qg4 Re7 28.Bd2 Rge8 29.Raa1 f5 30.Qxh4 Ne4
31.Bxe4 fxe4 32.Be3 Rh7 33.Qg4 Reh8 34.Kg2 Rh4 35.Qg5 Qc8 36.Rh1 Rxh3 37.Bf2 e3
38.Bg3 Ka8 39.f5 Rxh1 40.Rxh1 Rxh1 41.Kxh1 gxf5 42.Qxe3 b5 43.cxb6 axb6 44.Qe5
Ka7 45.Kg2 Ka6 46.Kf3 Ka5 47.Qc7 Qxc7 48.Bxc7 Kxa4 49.Bxb6 Kb3 50.Ba5 Kc4 51.Bb4

[Event "11. Senioren Team Europameiste"]
[Site "Velden - Casino"]
[Date "2009.04.07"]
[Round "3"]
[Board "4"]
[White "Rety, John"]
[Black "Laitinen, Martti"]
[Result "1-0"]
[WhiteElo "1903"]
[BlackElo "1855"]
[PlyCount "75"]
[EventDate "2009.04.05"]
[EventType "team"]
[EventRounds "9"]
[EventCountry "AUT"]
[WhiteTeam "England 2"]
[BlackTeam "Helsinki 2"]

1.Nf3 c5 2.d3 Nc6 3.c4 g6 4.g3 Bg7 5.Bg2 d6 6.O-O Nf6 7.Na3 O-O 8.Rb1 e5 9.Nc2
a5 10.Bd2 Be6 11.Ng5 Bd7 12.a3 h6 13.Nf3 Rb8 14.b4 axb4 15.axb4 b6 16.Bc3 Nd4
17.Nfxd4 exd4 18.Bd2 Qc7 19.b5 Be6 20.e4 dxe3 21.Nxe3 Rbd8 22.Bc3 Nd7 23.Bxg7
Kxg7 24.Ra1 Nf6 25.Ra6 d5 26.Qa1 d4 27.Nd1 Bf5 28.Nb2 Qd6 29.Rd1 Rb8 30.Na4 Nd7
31.Bc6 Ne5 32.Nxb6 Nxc6 33.Nd5 Bd7 34.Re1 Rfe8 35.bxc6 Bxc6 36.Qa5 Rxe1+ 37.Qxe1
Re8 38.Qxe8

[Event "11. Senioren Team Europameiste"]
[Site "Velden - Casino"]
[Date "2009.04.07"]
[Round "3"]
[Board "1"]
[White "Groiss, Karl"]
[Black "Nordby, Bernt"]
[Result "0-1"]
[WhiteElo "2058"]
[BlackElo "2159"]
[PlyCount "88"]
[EventDate "2009.04.05"]
[EventType "team"]
[EventRounds "9"]
[EventCountry "AUT"]
[WhiteTeam "SK Volksbank Lienz"]
[BlackTeam "Norwegen 2"]

1.d4 Nf6 2.c4 g6 3.Nc3 Bg7 4.e4 d6 5.f3 O-O 6.Be3 e5 7.d5 c6 8.Bd3 cxd5 9.cxd5
Nh5 10.Nge2 f5 11.exf5 gxf5 12.Qc2 Na6 13.a3 Nc5 14.Bxc5 dxc5 15.O-O Bd7 16.Rad1
Rc8 17.Bc4 a6 18.a4 Qa5 19.Rfe1 b5 20.axb5 axb5 21.Ra1 Qb6 22.Ba2 e4 23.fxe4 c4+
24.Kh1 b4 25.Na4 Qb5 26.Bb1 fxe4 27.Qxe4 Bf5 28.Qh4 Bxb1 29.Rexb1 Ra8 30.Qxh5
Rxa4 31.Rxa4 Qxa4 32.Qg4 Qc2 33.Rg1 Re8 34.Nd4 Qe4 35.Qxe4 Rxe4 36.Nc6 b3 37.d6
Bxb2 38.Rf1 Bf6 39.g4 b2 40.d7 Rxg4 41.d8=Q+ Bxd8 42.Nxd8 c3 43.Ne6 h5 44.Nc5 c2

[Event "11. Senioren Team Europameiste"]
[Site "Velden - Casino"]
[Date "2009.04.07"]
[Round "3"]
[Board "2"]
[White "Bjorgvik, Jan Arne"]
[Black "Bodner, Alfred"]
[Result "1-0"]
[WhiteElo "1946"]
[BlackElo "2023"]
[PlyCount "121"]
[EventDate "2009.04.05"]
[EventType "team"]
[EventRounds "9"]
[EventCountry "AUT"]
[WhiteTeam "Norwegen 2"]
[BlackTeam "SK Volksbank Lienz"]

1.e4 d6 2.d4 Nf6 3.Nc3 g6 4.Nf3 Bg7 5.Bc4 O-O 6.h3 Nxe4 7.Nxe4 d5 8.Bxd5 Qxd5
9.Nc3 Qd6 10.O-O c6 11.Be3 Nd7 12.Ne2 f6 13.c3 Nb6 14.Nh2 Be6 15.b3 Rad8 16.c4
Qd7 17.Bd2 Bf7 18.Ba5 Rde8 19.Qc2 Nc8 20.Rad1 b6 21.Bc3 Qc7 22.Qd2 Nd6 23.Ng3 h5
24.Nf3 Kh7 25.Rfe1 Bh6 26.Qc2 Kg7 27.Bd2 g5 28.c5 Bg6 29.Qb2 Nf7 30.h4 Kh7
31.hxg5 fxg5 32.Qc1 h4 33.Ne4 Bh5 34.Nexg5+ Nxg5 35.Bxg5 Rxf3 36.Bxh6 Rf7 37.Rd3
Rg8 38.Rh3 Rg6 39.Be3 Rfg7 40.Rxh4 Rxg2+ 41.Kh1 R2g6 42.Rxh5+ Kg8 43.Bf4 Qd7
44.Qc4+ e6 45.Be5 Qf7 46.Qe2 Rh7 47.Rxh7 Qxh7+ 48.Bh2 Kf7 49.Qe5 Qh3 50.Qf4+ Ke7
51.Rg1 Rxg1+ 52.Kxg1 Qd3 53.Qd6+ Kf7 54.Qd7+ Kf6 55.Be5+ Kg6 56.Qxe6+ Kh5
57.Qf7+ Kg4 58.Kg2 Qh3+ 59.Kg1 Qd3 60.Qf4+ Kh5 61.Bf6